[Event "Deutsche Ländermeisterschaft 2021"]
[Site "Neumünster GER"]
[Date "2021.10.04"]
[Round "5"]
[White "Musiolik, David"]
[Black "Wachinger, Nikolas"]
[Result "1/2-1/2"]
[Termination "normal"]
[Board "3.2"]
[WhiteElo "2200"]
[BlackElo "2361"]
[WhiteClock "00:57:21"]
[BlackClock "01:28:28"]
[WhiteTeam "Rheinland-Pfalz"]
[BlackTeam "SG Bremen / Niedersachsen"]
[PlyCount "35"]
[WhiteFideId "12972355"]
[BlackFideId "12962791"]
[EventCountry "GER"]
[EventRounds "7"]
[EventType "team-swiss"]
[EventDate "2021.10.01"]

1. e4 {[%clk 1:30:55]} c5 {[%clk 1:30:50]} 2. Nf3 {[%clk 1:31:17]} d6 {[%clk
1:31:11]} 3. d4 {[%clk 1:31:38]} cxd4 {[%clk 1:31:35]} 4. Nxd4 {[%clk 1:32:01]}
Nf6 {[%clk 1:31:55]} 5. Nc3 {[%clk 1:31:59]} a6 {[%clk 1:32:15]} 6. Be2 {[%clk
1:32:15]} e5 {[%clk 1:32:38]} 7. Nb3 {[%clk 1:32:39]} Be7 {[%clk 1:33:02]} 8.
O-O {[%clk 1:32:50]} O-O {[%clk 1:33:25]} 9. Re1 {[%clk 1:32:57]} Be6 {[%clk
1:33:39]} 10. Bf3 {[%clk 1:33:13]} Qc7 {[%clk 1:33:51]} 11. a4 {[%clk 1:32:16]}
Rc8 {[%clk 1:34:13]} 12. h3 {[%clk 1:09:29]} h6 {[%clk 1:34:37]} 13. Be3 {[%clk
1:04:59]} Nbd7 {[%clk 1:34:54]} 14. a5 {[%clk 1:04:28]} Rab8 {[%clk 1:35:17]}
15. Ba7 {[%clk 1:02:49]} Ra8 {[%clk 1:35:39]} 16. Be3 {[%clk 1:03:11]} Rab8
{[%clk 1:28:10]} 17. Ba7 {[%clk 0:57:01]} Ra8 {[%clk 1:28:28]} 18. Be3 {[%clk
0:57:21]} 1/2-1/2

[Event "Deutsche Ländermeisterschaft 2021"]
[Site "Neumünster GER"]
[Date "2021.10.04"]
[Round "5"]
[White "Colbow, Collin"]
[Black "Hinrichs, Paul"]
[Result "1-0"]
[Termination "normal"]
[Board "3.3"]
[WhiteTitle "FM"]
[WhiteElo "2329"]
[BlackElo "2244"]
[WhiteClock "00:16:22"]
[BlackClock "00:06:32"]
[WhiteTeam "SG Bremen / Niedersachsen"]
[BlackTeam "Rheinland-Pfalz"]
[PlyCount "65"]
[WhiteFideId "16201132"]
[BlackFideId "12942545"]
[EventCountry "GER"]
[EventRounds "7"]
[EventType "team-swiss"]
[EventDate "2021.10.01"]

1. e4 {[%clk 1:30:57]} e5 {[%clk 1:30:56]} 2. Nf3 {[%clk 1:31:21]} Nc6 {[%clk
1:31:22]} 3. Bb5 {[%clk 1:31:47]} a6 {[%clk 1:31:46]} 4. Ba4 {[%clk 1:32:13]}
d6 {[%clk 1:30:34]} 5. d4 {[%clk 1:24:12]} Bd7 {[%clk 1:29:46]} 6. d5 {[%clk
1:18:19]} Nce7 {[%clk 1:25:14]} 7. Bxd7+ {[%clk 1:18:33]} Qxd7 {[%clk 1:25:39]}
8. O-O {[%clk 1:16:10]} Nf6 {[%clk 1:21:36]} 9. Qd3 {[%clk 1:11:58]} g6 {[%clk
1:21:28]} 10. c4 {[%clk 1:11:48]} Bg7 {[%clk 1:20:58]} 11. Nc3 {[%clk 1:11:32]}
O-O {[%clk 1:21:15]} 12. c5 {[%clk 0:57:27]} h6 {[%clk 1:19:31]} 13. cxd6
{[%clk 0:56:14]} cxd6 {[%clk 1:18:48]} 14. Be3 {[%clk 0:54:13]} Nh5 {[%clk
1:14:36]} 15. Nd2 {[%clk 0:53:33]} f5 {[%clk 1:11:11]} 16. f3 {[%clk 0:52:38]}
Nf4 {[%clk 1:03:36]} 17. Bxf4 {[%clk 0:43:57]} exf4 {[%clk 1:03:58]} 18. Nb3
{[%clk 0:35:38]} b5 {[%clk 0:58:05]} 19. Kh1 {[%clk 0:34:23]} b4 {[%clk
0:51:50]} 20. Ne2 {[%clk 0:33:36]} Bxb2 {[%clk 0:51:18]} 21. Rab1 {[%clk
0:32:35]} Be5 {[%clk 0:50:30]} 22. Nbd4 {[%clk 0:32:46]} a5 {[%clk 0:45:26]}
23. Ne6 {[%clk 0:31:19]} Rfc8 {[%clk 0:45:15]} 24. N2xf4 {[%clk 0:26:48]} Rc3
{[%clk 0:41:15]} 25. Qd2 {[%clk 0:25:25]} Rac8 {[%clk 0:31:22]} 26. Ne2 {[%clk
0:20:30]} Rc2 {[%clk 0:25:05]} 27. Qxh6 {[%clk 0:19:32]} Rxe2 {[%clk 0:23:34]}
28. Ng5 {[%clk 0:19:16]} Nxd5 {[%clk 0:12:11]} 29. Qxg6+ {[%clk 0:18:19]} Bg7
{[%clk 0:06:28]} 30. exd5 {[%clk 0:16:50]} Rcc2 {[%clk 0:05:43]} 31. Qh7+
{[%clk 0:16:12]} Kf8 {[%clk 0:06:08]} 32. Ne6+ {[%clk 0:16:31]} Rxe6 {[%clk
0:06:32]} 33. Qxf5+ {[%clk 0:16:22]} 1-0

[Event "Deutsche Ländermeisterschaft 2021"]
[Site "Neumünster GER"]
[Date "2021.10.04"]
[Round "5"]
[White "Reitz, Theresa"]
[Black "Schulze, Lara"]
[Result "0-1"]
[Termination "normal"]
[Board "3.4"]
[BlackTitle "FM"]
[WhiteElo "1848"]
[BlackElo "2252"]
[WhiteClock "00:07:32"]
[BlackClock "00:13:48"]
[WhiteTeam "Rheinland-Pfalz"]
[BlackTeam "SG Bremen / Niedersachsen"]
[PlyCount "80"]
[WhiteFideId "12971901"]
[BlackFideId "12956830"]
[EventCountry "GER"]
[EventRounds "7"]
[EventType "team-swiss"]
[EventDate "2021.10.01"]

1. Nf3 {[%clk 1:30:53]} Nf6 {[%clk 1:30:55]} 2. g3 {[%clk 1:31:14]} d5 {[%clk
1:31:19]} 3. Bg2 {[%clk 1:31:36]} c6 {[%clk 1:31:41]} 4. O-O {[%clk 1:31:25]}
Bg4 {[%clk 1:32:03]} 5. d3 {[%clk 1:31:19]} Nbd7 {[%clk 1:32:22]} 6. h3 {[%clk
1:31:30]} Bh5 {[%clk 1:32:39]} 7. Qe1 {[%clk 1:31:51]} e5 {[%clk 1:30:38]} 8.
e4 {[%clk 1:31:57]} Bd6 {[%clk 1:27:19]} 9. Nh4 {[%clk 1:23:31]} O-O {[%clk
1:25:10]} 10. Nc3 {[%clk 1:22:38]} dxe4 {[%clk 1:18:19]} 11. dxe4 {[%clk
1:21:40]} Re8 {[%clk 1:17:21]} 12. Bd2 {[%clk 1:13:44]} a5 {[%clk 1:14:31]} 13.
a4 {[%clk 1:13:38]} Nc5 {[%clk 1:10:27]} 14. Kh1 {[%clk 1:08:38]} Nfd7 {[%clk
0:54:09]} 15. Nf5 {[%clk 0:54:13]} Bf8 {[%clk 0:53:47]} 16. Ne2 {[%clk
0:49:30]} f6 {[%clk 0:49:34]} 17. b3 {[%clk 0:45:54]} Qc7 {[%clk 0:48:40]} 18.
g4 {[%clk 0:41:20]} Bf7 19. f4 {[%clk 0:38:55]} g6 {[%clk 0:40:03]} 20. Nfg3
{[%clk 0:36:14]} exf4 {[%clk 0:40:16]} 21. Bxf4 {[%clk 0:35:30]} Ne5 {[%clk
0:39:49]} 22. Qf2 {[%clk 0:33:20]} Ncd7 {[%clk 0:39:06]} 23. Rad1 {[%clk
0:32:28]} Rad8 {[%clk 0:37:58]} 24. g5 {[%clk 0:29:43]} fxg5 {[%clk 0:35:21]}
25. Bxg5 {[%clk 0:29:43]} Be7 {[%clk 0:35:36]} 26. Bh6 {[%clk 0:25:28]} Nf8
{[%clk 0:28:47]} 27. Rxd8 {[%clk 0:24:09]} Bxd8 {[%clk 0:27:08]} 28. Qd4 {[%clk
0:19:13]} Qe7 {[%clk 0:22:38]} 29. Rf4 {[%clk 0:15:22]} Bc7 {[%clk 0:21:42]}
30. Rg4 {[%clk 0:08:17]} Ne6 {[%clk 0:16:26]} 31. Nf5 {[%clk 0:08:40]} Nxd4
{[%clk 0:16:12]} 32. Nxe7+ {[%clk 0:09:05]} Rxe7 {[%clk 0:16:36]} 33. Nxd4
{[%clk 0:08:47]} Nxg4 {[%clk 0:16:54]} 34. hxg4 {[%clk 0:09:11]} Rd7 {[%clk
0:16:53]} 35. Be3 {[%clk 0:08:45]} Bb6 {[%clk 0:15:34]} 36. c3 {[%clk 0:08:28]}
Bxd4 {[%clk 0:15:08]} 37. Bxd4 {[%clk 0:08:03]} Bxb3 {[%clk 0:15:21]} 38. Bb6
{[%clk 0:08:19]} Bxa4 {[%clk 0:13:56]} 39. Bxa5 {[%clk 0:08:02]} Re7 {[%clk
0:13:34]} 40. Bb4 {[%clk 0:07:32]} Re6 {[%clk 0:13:48]} 0-1

[Event "Deutsche Ländermeisterschaft 2021"]
[Site "Neumünster GER"]
[Date "2021.10.04"]
[Round "5"]
[White "Helms, Finn"]
[Black "Yue, Qizhou"]
[Result "1-0"]
[Termination "normal"]
[Board "3.5"]
[WhiteElo "1898"]
[BlackElo "1842"]
[WhiteClock "00:47:04"]
[BlackClock "00:29:04"]
[WhiteTeam "SG Bremen / Niedersachsen"]
[BlackTeam "Rheinland-Pfalz"]
[PlyCount "89"]
[WhiteFideId "16249143"]
[BlackFideId "16273800"]
[EventCountry "GER"]
[EventRounds "7"]
[EventType "team-swiss"]
[EventDate "2021.10.01"]

1. e4 {[%clk 1:30:56]} c5 {[%clk 1:30:55]} 2. Nf3 {[%clk 1:31:21]} Nf6 {[%clk
1:31:18]} 3. Nc3 {[%clk 1:31:37]} d5 {[%clk 1:31:04]} 4. exd5 {[%clk 1:30:04]}
Nxd5 {[%clk 1:30:52]} 5. Bc4 {[%clk 1:28:25]} Nb6 {[%clk 1:29:43]} 6. Bb5+
{[%clk 1:26:42]} Bd7 {[%clk 1:28:54]} 7. d4 {[%clk 1:24:10]} cxd4 {[%clk
1:15:02]} 8. Qxd4 {[%clk 1:21:52]} Nc6 {[%clk 1:13:14]} 9. Qh4 {[%clk 1:17:57]}
e6 {[%clk 1:05:38]} 10. Bg5 {[%clk 1:17:10]} f6 {[%clk 1:01:48]} 11. Bd2 {[%clk
1:13:07]} Qe7 {[%clk 0:51:25]} 12. Bd3 {[%clk 1:07:39]} O-O-O {[%clk 0:47:31]}
13. a4 {[%clk 1:05:02]} Nd5 {[%clk 0:43:08]} 14. a5 {[%clk 0:59:44]} Ncb4
{[%clk 0:34:53]} 15. a6 {[%clk 0:56:07]} b6 {[%clk 0:31:25]} 16. O-O {[%clk
0:54:46]} g5 {[%clk 0:30:10]} 17. Qc4+ {[%clk 0:53:48]} Qc5 {[%clk 0:28:44]}
18. Qb3 {[%clk 0:52:35]} Be7 {[%clk 0:17:24]} 19. Ne4 {[%clk 0:51:45]} Qc7
{[%clk 0:17:25]} 20. c4 {[%clk 0:48:43]} Nxd3 {[%clk 0:16:15]} 21. cxd5 {[%clk
0:47:08]} exd5 {[%clk 0:15:05]} 22. Qxd3 {[%clk 0:44:15]} dxe4 {[%clk 0:15:23]}
23. Qxe4 {[%clk 0:44:15]} Bc6 {[%clk 0:15:12]} 24. Qe6+ {[%clk 0:37:05]} Qd7
{[%clk 0:14:56]} 25. Qc4 {[%clk 0:36:55]} Qd5 {[%clk 0:14:20]} 26. Rac1 {[%clk
0:36:48]} Qxc4 {[%clk 0:13:07]} 27. Rxc4 {[%clk 0:37:16]} Bc5 {[%clk 0:06:41]}
28. Rfc1 {[%clk 0:31:41]} Bxf3 {[%clk 0:06:24]} 29. gxf3 {[%clk 0:32:03]} Kb8
{[%clk 0:04:55]} 30. Be3 {[%clk 0:28:56]} Bxe3 {[%clk 0:04:34]} 31. fxe3 {[%clk
0:29:19]} Rc8 {[%clk 0:04:57]} 32. Kf2 {[%clk 0:28:42]} Rxc4 {[%clk 0:04:56]}
33. Rxc4 {[%clk 0:29:11]} Rd8 {[%clk 0:04:35]} 34. Kg3 {[%clk 0:28:31]} f5
{[%clk 0:04:00]} 35. e4 {[%clk 0:27:36]} fxe4 {[%clk 0:03:45]} 36. fxe4 {[%clk
0:27:12]} h5 {[%clk 0:03:48]} 37. Rc3 {[%clk 0:25:15]} Rd4 {[%clk 0:04:06]} 38.
Kf3 {[%clk 0:25:32]} Rd7 {[%clk 0:03:24]} 39. e5 {[%clk 0:20:23]} Rf7+ {[%clk
0:02:22]} 40. Ke4 {[%clk 0:18:51]} g4 {[%clk 0:01:51]} 41. e6 {[%clk 0:17:06]}
Rg7 {[%clk 0:01:06]} 42. Kf5 {[%clk 0:16:53]} h4 {[%clk 0:01:03]} 43. Kf6
{[%clk 0:16:45]} Rg8 {[%clk 0:00:38]} 44. Kf7 {[%clk 0:17:01]} Rh8 {[%clk
0:29:04]} 45. e7 {[%clk 0:47:04]} 1-0

[Event "Deutsche Ländermeisterschaft 2021"]
[Site "Neumünster GER"]
[Date "2021.10.04"]
[Round "5"]
[White "Colditz, Elias"]
[Black "Pfeffer, Samuel"]
[Result "1-0"]
[Termination "normal"]
[Board "3.6"]
[WhiteElo "1606"]
[BlackElo "1497"]
[WhiteClock "01:13:15"]
[BlackClock "00:46:33"]
[WhiteTeam "Rheinland-Pfalz"]
[BlackTeam "SG Bremen / Niedersachsen"]
[PlyCount "41"]
[WhiteFideId "16298039"]
[BlackFideId "16249160"]
[EventCountry "GER"]
[EventRounds "7"]
[EventType "team-swiss"]
[EventDate "2021.10.01"]

1. e4 {[%clk 1:30:57]} e5 {[%clk 1:30:43]} 2. Nf3 {[%clk 1:31:13]} Nc6 {[%clk
1:30:53]} 3. Bb5 {[%clk 1:31:30]} a6 {[%clk 1:30:28]} 4. Ba4 {[%clk 1:31:43]}
Bc5 {[%clk 1:29:42]} 5. O-O {[%clk 1:31:37]} b5 {[%clk 1:29:08]} 6. Bb3 {[%clk
1:31:53]} Nf6 {[%clk 1:28:26]} 7. Nxe5 {[%clk 1:24:21]} Nxe5 {[%clk 1:17:28]}
8. d4 {[%clk 1:24:34]} Bd6 {[%clk 1:17:00]} 9. dxe5 {[%clk 1:23:18]} Bxe5
{[%clk 1:17:08]} 10. f4 {[%clk 1:23:06]} Bd6 {[%clk 1:17:30]} 11. Kh1 {[%clk
1:21:44]} Bc5 {[%clk 1:01:45]} 12. e5 {[%clk 1:21:14]} O-O {[%clk 0:53:59]} 13.
exf6 {[%clk 1:21:04]} Qxf6 {[%clk 0:54:27]} 14. Qd5 {[%clk 1:20:19]} Qb6 {[%clk
0:51:37]} 15. Nc3 {[%clk 1:17:12]} Bb7 {[%clk 0:51:48]} 16. Qg5 {[%clk
1:16:30]} h6 {[%clk 0:51:37]} 17. Qg4 {[%clk 1:16:03]} a5 {[%clk 0:50:11]} 18.
f5 {[%clk 1:14:27]} a4 {[%clk 0:49:22]} 19. Bd5 {[%clk 1:14:32]} Ra6 {[%clk
0:47:31]} 20. f6 {[%clk 1:13:02]} g6 {[%clk 0:46:33]} 21. Qxg6+ {[%clk
1:13:15]} 1-0

[Event "Deutsche Ländermeisterschaft 2021"]
[Site "Neumünster GER"]
[Date "2021.10.04"]
[Round "5"]
[White "Evering, Enna"]
[Black "Müller, Riyanna"]
[Result "0-1"]
[Termination "normal"]
[Board "3.7"]
[WhiteElo "1568"]
[BlackElo "1505"]
[WhiteClock "00:01:19"]
[BlackClock "00:04:59"]
[WhiteTeam "SG Bremen / Niedersachsen"]
[BlackTeam "Rheinland-Pfalz"]
[PlyCount "112"]
[WhiteFideId "16218213"]
[BlackFideId "16287401"]
[EventCountry "GER"]
[EventRounds "7"]
[EventType "team-swiss"]
[EventDate "2021.10.01"]

1. e4 {[%clk 1:30:56]} c5 {[%clk 1:30:52]} 2. Nf3 {[%clk 1:31:14]} Nf6 {[%clk
1:31:11]} 3. Nc3 {[%clk 1:28:51]} d5 {[%clk 1:31:18]} 4. e5 {[%clk 1:21:58]}
Nfd7 {[%clk 1:31:27]} 5. Bb5 {[%clk 1:18:46]} e6 {[%clk 1:28:00]} 6. O-O {[%clk
1:13:10]} a6 {[%clk 1:26:27]} 7. Bxd7+ {[%clk 1:12:25]} Nxd7 {[%clk 1:25:59]}
8. Re1 {[%clk 1:09:38]} b5 {[%clk 1:23:51]} 9. b3 {[%clk 1:02:40]} Bb7 {[%clk
1:21:42]} 10. Bb2 {[%clk 1:00:26]} Be7 {[%clk 1:17:35]} 11. Ne2 {[%clk
0:57:54]} Qb6 {[%clk 1:14:24]} 12. c3 {[%clk 0:56:38]} O-O {[%clk 1:11:44]} 13.
d4 {[%clk 0:54:10]} a5 {[%clk 1:07:55]} 14. Rb1 {[%clk 0:50:04]} c4 {[%clk
1:03:47]} 15. bxc4 {[%clk 0:48:15]} dxc4 {[%clk 1:03:15]} 16. Nd2 {[%clk
0:42:59]} Qc7 {[%clk 0:59:07]} 17. Qc2 {[%clk 0:38:18]} Nb6 {[%clk 0:56:36]}
18. a3 {[%clk 0:36:57]} Rfc8 {[%clk 0:51:37]} 19. Rec1 {[%clk 0:36:04]} Nd5
{[%clk 0:49:50]} 20. Qd1 {[%clk 0:32:08]} Ba6 {[%clk 0:46:31]} 21. Ne4 {[%clk
0:28:18]} Rab8 {[%clk 0:43:09]} 22. N2g3 {[%clk 0:25:08]} b4 {[%clk 0:40:17]}
23. axb4 {[%clk 0:21:49]} axb4 {[%clk 0:39:55]} 24. cxb4 {[%clk 0:21:37]} Bxb4
{[%clk 0:39:41]} 25. Ne2 {[%clk 0:20:52]} Qd7 {[%clk 0:25:39]} 26. N4c3 {[%clk
0:16:57]} Ne7 {[%clk 0:18:59]} 27. Ra1 {[%clk 0:13:59]} Bb7 {[%clk 0:16:28]}
28. Ba3 {[%clk 0:12:25]} Bd5 {[%clk 0:12:18]} 29. Bxb4 {[%clk 0:11:20]} Rxb4
{[%clk 0:12:34]} 30. Rab1 {[%clk 0:10:47]} Rb3 {[%clk 0:09:47]} 31. f3 {[%clk
0:07:41]} Rcb8 {[%clk 0:09:28]} 32. Kf1 {[%clk 0:07:04]} Qb7 {[%clk 0:08:07]}
33. Kg1 {[%clk 0:06:43]} Nc8 {[%clk 0:07:41]} 34. Ra1 {[%clk 0:05:30]} Na7
{[%clk 0:07:07]} 35. Rab1 {[%clk 0:04:35]} Kf8 {[%clk 0:04:24]} 36. Kf1 {[%clk
0:04:44]} Nc8 {[%clk 0:02:29]} 37. Kg1 {[%clk 0:03:55]} Ne7 {[%clk 0:02:42]}
38. Kf1 {[%clk 0:03:30]} Nf5 {[%clk 0:02:57]} 39. Kf2 {[%clk 0:03:15]} Qc6
{[%clk 0:01:20]} 40. Qd2 {[%clk 0:01:51]} R8b6 {[%clk 0:00:42]} 41. Qd1 {[%clk
0:28:29]} h6 {[%clk 0:27:21]} 42. Rxb3 {[%clk 0:25:19]} cxb3 {[%clk 0:20:25]}
43. Nxd5 {[%clk 0:16:48]} Qxd5 {[%clk 0:20:19]} 44. Rc5 {[%clk 0:15:41]} Qd7
{[%clk 0:18:12]} 45. Rc1 {[%clk 0:09:09]} b2 {[%clk 0:15:37]} 46. Rb1 {[%clk
0:09:15]} Rb4 {[%clk 0:14:45]} 47. Qd3 {[%clk 0:07:33]} Ne7 {[%clk 0:10:09]}
48. Qa3 {[%clk 0:06:14]} Qb7 {[%clk 0:10:14]} 49. Nc3 {[%clk 0:04:16]} Kg8
{[%clk 0:08:33]} 50. Nd1 {[%clk 0:03:56]} Qb6 {[%clk 0:06:00]} 51. Nxb2 {[%clk
0:03:18]} Qxd4+ {[%clk 0:04:51]} 52. Kf1 {[%clk 0:03:26]} Nd5 {[%clk 0:04:36]}
53. Qa2 {[%clk 0:02:29]} Nc3 {[%clk 0:04:20]} 54. Qa8+ {[%clk 0:01:37]} Kh7
{[%clk 0:04:45]} 55. Ra1 {[%clk 0:01:27]} Rxb2 {[%clk 0:04:59]} 56. Qa5 {[%clk
0:01:19]} Qf2# 0-1

[Event "Deutsche Ländermeisterschaft 2021"]
[Site "Neumünster GER"]
[Date "2021.10.04"]
[Round "5"]
[White "Weber, Samuel"]
[Black "Hommer, Jeremy"]
[Result "1/2-1/2"]
[Termination "normal"]
[Board "4.1"]
[WhiteTitle "FM"]
[WhiteElo "2258"]
[BlackElo "2278"]
[WhiteClock "00:06:45"]
[BlackClock "00:13:38"]
[WhiteTeam "Hessen"]
[BlackTeam "Niedersachsen"]
[PlyCount "119"]
[WhiteFideId "12924008"]
[BlackFideId "12992577"]
[EventCountry "GER"]
[EventRounds "7"]
[EventType "team-swiss"]
[EventDate "2021.10.01"]

1. Nf3 {[%clk 1:30:55]} e6 {[%clk 1:30:54]} 2. g3 {[%clk 1:29:47]} Nf6 {[%clk
1:31:14]} 3. Bg2 {[%clk 1:29:58]} d5 {[%clk 1:30:18]} 4. O-O {[%clk 1:30:03]}
Be7 {[%clk 1:30:44]} 5. b3 {[%clk 1:27:16]} O-O {[%clk 1:29:33]} 6. Bb2 {[%clk
1:26:53]} c5 {[%clk 1:29:00]} 7. d3 {[%clk 1:22:53]} Nc6 {[%clk 1:29:04]} 8.
Nbd2 {[%clk 1:23:12]} b5 {[%clk 1:27:12]} 9. c4 {[%clk 1:19:25]} bxc4 {[%clk
1:22:32]} 10. dxc4 {[%clk 1:16:39]} Bb7 {[%clk 1:18:31]} 11. cxd5 {[%clk
1:12:38]} exd5 {[%clk 1:18:17]} 12. Ne5 {[%clk 1:12:48]} Nxe5 {[%clk 1:17:36]}
13. Bxe5 {[%clk 1:12:29]} Qd7 {[%clk 1:15:56]} 14. Qc2 {[%clk 1:05:41]} Rac8
{[%clk 1:15:24]} 15. h3 {[%clk 1:00:45]} Qe6 {[%clk 1:14:07]} 16. Bb2 {[%clk
0:56:22]} Nd7 {[%clk 1:09:16]} 17. Rad1 {[%clk 0:47:15]} Bf6 {[%clk 1:08:45]}
18. Rfe1 {[%clk 0:38:35]} Bxb2 {[%clk 1:08:13]} 19. Qxb2 {[%clk 0:39:01]} Rfd8
{[%clk 1:06:11]} 20. Qa3 {[%clk 0:34:23]} Rc7 {[%clk 0:55:09]} 21. Rc1 {[%clk
0:31:10]} Rdc8 {[%clk 0:54:56]} 22. Qa4 {[%clk 0:30:05]} Nf6 {[%clk 0:49:43]}
23. Qf4 {[%clk 0:29:16]} Re7 {[%clk 0:32:07]} 24. Kh2 {[%clk 0:26:26]} Qa6
{[%clk 0:29:11]} 25. Bf3 {[%clk 0:20:58]} h6 {[%clk 0:24:29]} 26. Rc2 {[%clk
0:19:40]} d4 {[%clk 0:23:14]} 27. Bxb7 {[%clk 0:14:51]} Qxb7 {[%clk 0:23:24]}
28. Nc4 {[%clk 0:14:48]} Qe4 {[%clk 0:16:17]} 29. Qxe4 {[%clk 0:11:46]} Nxe4
{[%clk 0:16:41]} 30. Kg2 {[%clk 0:12:01]} Re6 {[%clk 0:13:01]} 31. Nd2 {[%clk
0:08:21]} Nc3 {[%clk 0:11:24]} 32. Nb1 {[%clk 0:08:38]} Nd5 {[%clk 0:09:57]}
33. Rec1 {[%clk 0:08:10]} Nb4 {[%clk 0:09:53]} 34. Rd2 {[%clk 0:08:40]} Na6
{[%clk 0:06:54]} 35. Rxd4 {[%clk 0:07:21]} Rxe2 {[%clk 0:07:12]} 36. Ra4 {[%clk
0:07:49]} Rc6 {[%clk 0:06:36]} 37. Nc3 {[%clk 0:07:29]} Rb2 {[%clk 0:06:36]}
38. g4 {[%clk 0:02:28]} Rf6 {[%clk 0:03:52]} 39. Ne4 {[%clk 0:02:51]} Re6
{[%clk 0:04:17]} 40. Rd1 {[%clk 0:02:07]} Re2 {[%clk 0:00:59]} 41. Kf3 {[%clk
0:01:41]} Rc2 {[%clk 0:01:23]} 42. Rd6 {[%clk 0:24:25]} Rxd6 {[%clk 0:26:54]}
43. Nxd6 {[%clk 0:24:39]} Nb4 {[%clk 0:27:08]} 44. Rxa7 {[%clk 0:24:36]} Nxa2
{[%clk 0:26:56]} 45. Ne4 {[%clk 0:22:35]} Nc1 {[%clk 0:24:10]} 46. Rb7 {[%clk
0:21:40]} c4 {[%clk 0:23:24]} 47. bxc4 {[%clk 0:21:09]} Rxc4 {[%clk 0:21:28]}
48. Ke3 {[%clk 0:21:08]} Rc2 {[%clk 0:21:02]} 49. h4 {[%clk 0:17:45]} Re2+
{[%clk 0:18:57]} 50. Kd4 {[%clk 0:12:50]} Ra2 {[%clk 0:19:20]} 51. g5 {[%clk
0:11:40]} hxg5 {[%clk 0:18:09]} 52. Nxg5 {[%clk 0:11:53]} g6 {[%clk 0:16:53]}
53. Rxf7 {[%clk 0:09:50]} Ra4+ {[%clk 0:17:03]} 54. Ke5 {[%clk 0:09:42]} Nd3+
{[%clk 0:14:57]} 55. Kf6 {[%clk 0:05:30]} Rf4+ {[%clk 0:14:34]} 56. Ke6 {[%clk
0:05:29]} Rxf7 {[%clk 0:13:45]} 57. Nxf7 {[%clk 0:05:52]} Nxf2 {[%clk 0:14:08]}
58. Kf6 {[%clk 0:06:17]} Kh7 {[%clk 0:13:58]} 59. h5 {[%clk 0:06:22]} gxh5
{[%clk 0:13:38]} 60. Kg5 {[%clk 0:06:45]} 1/2-1/2

[Event "Deutsche Ländermeisterschaft 2021"]
[Site "Neumünster GER"]
[Date "2021.10.04"]
[Round "5"]
[White "Pubantz, Jan"]
[Black "Lesny, Florian"]
[Result "1/2-1/2"]
[Termination "normal"]
[Board "4.2"]
[WhiteElo "2274"]
[BlackElo "2171"]
[WhiteClock "00:02:07"]
[BlackClock "00:09:11"]
[WhiteTeam "Niedersachsen"]
[BlackTeam "Hessen"]
[PlyCount "74"]
[WhiteFideId "12996114"]
[BlackFideId "12973874"]
[EventCountry "GER"]
[EventRounds "7"]
[EventType "team-swiss"]
[EventDate "2021.10.01"]

1. Nf3 {[%clk 1:30:57]} d5 {[%clk 1:30:52]} 2. e3 {[%clk 1:31:22]} Nf6 {[%clk
1:31:01]} 3. c4 {[%clk 1:31:46]} e6 {[%clk 1:31:16]} 4. Nc3 {[%clk 1:32:09]}
Be7 {[%clk 1:31:22]} 5. b3 {[%clk 1:32:28]} O-O {[%clk 1:31:27]} 6. Bb2 {[%clk
1:32:55]} b6 {[%clk 1:28:53]} 7. cxd5 {[%clk 1:32:00]} Nxd5 {[%clk 1:25:28]} 8.
Nxd5 {[%clk 1:32:12]} exd5 {[%clk 1:25:48]} 9. Be2 {[%clk 1:31:10]} c5 {[%clk
1:23:19]} 10. O-O {[%clk 1:31:18]} Be6 {[%clk 1:21:56]} 11. d4 {[%clk 1:30:24]}
Nd7 {[%clk 1:20:23]} 12. Rc1 {[%clk 1:27:12]} Qb8 {[%clk 1:15:28]} 13. Bd3
{[%clk 1:01:57]} Qd6 {[%clk 1:07:43]} 14. Qe2 {[%clk 0:55:42]} Rad8 {[%clk
1:00:54]} 15. Rfd1 {[%clk 0:48:23]} Bg4 {[%clk 0:56:15]} 16. e4 {[%clk
0:39:35]} dxe4 {[%clk 0:43:42]} 17. Qxe4 {[%clk 0:33:30]} Nf6 {[%clk 0:40:36]}
18. dxc5 {[%clk 0:27:06]} Nxe4 {[%clk 0:40:45]} 19. cxd6 {[%clk 0:27:34]} Nxd6
{[%clk 0:40:40]} 20. Re1 {[%clk 0:26:01]} Nc8 {[%clk 0:35:15]} 21. Ne5 {[%clk
0:20:54]} Be6 {[%clk 0:32:05]} 22. Rcd1 {[%clk 0:19:00]} Bc5 {[%clk 0:29:54]}
23. Nc6 {[%clk 0:15:01]} Rd6 {[%clk 0:27:36]} 24. Be4 {[%clk 0:15:01]} Rxd1
{[%clk 0:24:27]} 25. Rxd1 {[%clk 0:15:27]} a5 {[%clk 0:21:11]} 26. Bd4 {[%clk
0:13:10]} Bxd4 {[%clk 0:18:39]} 27. Rxd4 {[%clk 0:12:53]} Re8 {[%clk 0:17:24]}
28. f3 {[%clk 0:12:00]} Kf8 {[%clk 0:16:53]} 29. Kf2 {[%clk 0:09:55]} h6 {[%clk
0:15:43]} 30. Bd5 {[%clk 0:02:42]} Ne7 {[%clk 0:12:18]} 31. Nxe7 {[%clk
0:01:55]} Rxe7 {[%clk 0:11:22]} 32. Bxe6 {[%clk 0:01:27]} Rxe6 {[%clk 0:10:48]}
33. Rd7 {[%clk 0:01:26]} Rc6 {[%clk 0:10:29]} 34. Rb7 {[%clk 0:01:18]} Rc2+
{[%clk 0:09:54]} 35. Kg3 {[%clk 0:01:47]} Rxa2 {[%clk 0:09:37]} 36. Rxb6 {[%clk
0:02:15]} a4 {[%clk 0:09:14]} 37. bxa4 {[%clk 0:02:07]} Rxa4 {[%clk 0:09:11]}
1/2-1/2